000
00311nam a2200121Ia 4500
008
190216s9999||||xx |||||||||||||| ||und||
100
_a
Kyle B G
245
0
_a
Chemical Process Thermo Dynamics With C D
260
_b
Prentice Hall Of India Pvt Ltd
300
_a
760
650
_a
Chemistry-Chemistry
942
_c
BK
999
_c
3321
_d
3321